Normal view
MARC view
- النحو-اللغة العربية-الجمل في النحو
Entry Topical Term
001 - CONTROL NUMBER
- control field: 8575
003 - CONTROL NUMBER IDENTIFIER
- control field: JO-AjAnu
005 - DATE AND TIME OF LATEST TRANSACTION
- control field: 20230606071701.0
008 - FIXED-LENGTH DATA ELEMENTS
- fixed length control field: 230606|| aca||aabn | a|a d
040 ## - CATALOGING SOURCE
- Original cataloging agency: JO-AjAnu
- Transcribing agency: JO-AjAnu
150 ## - HEADING--TOPICAL TERM
- Topical term or geographic name entry element: النحو-اللغة العربية-الجمل في النحو
670 ## - SOURCE DATA FOUND
- Source citation: Work cat.: (JO-AjAnu)4427: تاليف الجرجاني،عبد القاهر؛ حققة يسري عبد الغني عبد الله, author 8574, كتاب الجمل في النحو لأبي بكر عبد القاهر بن عبد الرحمن بن محمد الجرجاني المتوفي سنة 471هـ